Portugalsko /

Hlavní autor: Di Duca, Marc, 1971-
Další autoři: Hall, Rebecca A., Hancock, Matthew, Beneš, Radomír
Jazyk: Čeština
Vydáno: Brno : Jota, 2018
Vydání: Druhé vydání
Edice: Průvodce (Jota)
Témata:
Fyzický popis: 534 stran : barevné ilustrace, mapy, plány ; 20 cm
Knihy
Uloženo v:
LEADER 01919nam a2200505 i 4500
001 nkc20183022921
003 CZ PrNK
005 20180913143556.0
007 ta
008 180830s2018 xr abe e f 001 0 cze
015 |a cnb003022921 
020 |a 978-80-7565-306-2  |q (brožováno) :  |c Kč 748,00 
035 |a (OCoLC)1056247191 
040 |a OLA001  |b cze  |e rda 
041 1 |a cze  |h eng 
043 |a e-po--- 
072 7 |a 913(4)  |x Geografie Evropy, reálie, cestování  |2 Konspekt  |9 7 
080 |a 913(469)  |2 MRF 
080 |a (036)913  |2 MRF 
100 1 |a Di Duca, Marc,  |d 1971-  |7 xx0117201  |4 aut 
240 1 0 |a Rough guide to Portugal.  |l Česky 
245 1 0 |a Portugalsko /  |c patnácté vydání aktualizovali Marc Di Duca, Rebecca Hallová a Matthew Hancock ; z anglického originálu The rough guide to Portugal ... přeložil Radomír Beneš 
246 1 4 |a Turistický průvodce - Portugalsko 
250 |a Druhé vydání 
264 1 |a Brno :  |b Jota,  |c 2018 
300 |a 534 stran :  |b barevné ilustrace, mapy, plány ;  |c 20 cm 
336 |a text  |b txt  |2 rdacontent 
337 |a bez média  |b n  |2 rdamedia 
338 |a svazek  |b nc  |2 rdacarrier 
490 1 |a Průvodce ;  |v svazek 190 
500 |a Obsahuje rejstřík 
651 7 |a Portugalsko  |7 ge130488  |2 czenas 
651 9 |a Portugal  |2 eczenas 
655 7 |a turistické průvodce  |7 fd133738  |2 czenas 
655 9 |a tourist guidebooks  |2 eczenas 
700 1 |a Hall, Rebecca A.  |7 ola20181005967  |4 aut 
700 1 |a Hancock, Matthew  |7 ola20181005994  |4 aut 
700 1 |a Beneš, Radomír  |7 ola20181005997  |4 trl 
830 0 |a Průvodce (Jota)  |0 s 
910 2 |a BOA001  |b 1-1413.652 
990 |a BK 
995 |a 01 
991 |b 201809  |c NOV 
996 6 |b 2610753182  |c 1-1413.652  |l MZK  |r Sklad / do 1 hodiny  |n 5  |p p.v.  |w 001681150  |u 000010  |a 1  |e BOA001  |j MZK50  |s P 
996 7 |b 2610753183  |c 1-1413.652  |l Vol.výběr  |r VV 1p  |n 26  |p p.v.  |h 913(4) PRU POR  |w 001681150  |u 000020  |a 0  |e BOA001  |j MZK50  |s A